[Event "14th EUR-ch"]
[Site "Legnica POL"]
[Date "2013.05.08"]
[Round "4"]
[White "Pogosian, Vladimir"]
[Black "Caprio, Guido"]
[Result "0-1"]
[WhiteElo "2132"]
[BlackElo "2413"]
[EventDate "2013.05.05"]
[PlyCount "73"]

1.e4 c5 2.c4 Nc6 3.Nc3 g6 4.d3 Bg7 5.h4 Nf6 6.g3 d6 7.Bg2 a6 8.Nge2 Bg4 9.
f3 Bd7 10.Nf4 O-O 11.h5 Nd4 12.Nce2 Nxe2 13.Qxe2 b5 14.Bd2 bxc4 15.dxc4 
Rb8 16.hxg6 Rxb2 17.gxf7+ Rxf7 18.Nd3 Rc2 19.e5 dxe5 20.Nxe5 Rf8 21.f4 Ba4
22.Bh3 Qd6 23.Bf5 Rb2 24.Nd3 Rc2 25.Ne5 Rb2 26.Nd3 Rc2 27.Rc1 Rd8 28.Qe6+ 
Kf8 29.Qxd6 Rxd6 30.g4 Nxg4 31.Bxg4 Rxd3 32.Rxc2 Bxc2 33.Rh5 Ra3 34.Rxc5 
Rxa2 35.Be6 Ra1+ 36.Ke2 Bd1+ 37.Kd3 0-1

[Event "14th EUR-ch"]
[Site "Legnica POL"]
[Date "2013.05.08"]
[Round "4"]
[White "Ulanowski, Karol"]
[Black "Butkiewicz, Lukasz"]
[Result "1/2-1/2"]
[WhiteElo "2091"]
[BlackElo "2410"]
[EventDate "2013.05.05"]
[PlyCount "81"]

1.e4 c5 2.Nf3 d6 3.d4 cxd4 4.Nxd4 Nf6 5.Nc3 a6 6.Bg5 e6 7.Qf3 Nbd7 8.O-O-O
h6 9.Qh3 Be7 10.g4 Qc7 11.f4 b5 12.Bxf6 gxf6 13.Qh5 Nb6 14.a3 Qc5 15.f5 
Kf8 16.Kb1 e5 17.Nb3 Qc7 18.Rg1 Bd7 19.Bd3 Rc8 20.g5 fxg5 21.f6 Bxf6 22.
Rdf1 Qd8 23.Rg2 Rxc3 24.Rgf2 Rc7 25.Rxf6 Be8 26.h4 gxh4 27.Qxh4 Qe7 28.Qh5
Bc6 29.Na5 Bb7 30.c4 bxc4 31.Nxc4 Nxc4 32.Bxc4 Bxe4+ 33.Ka2 d5 34.Bxa6 Kg7
35.Rxf7+ Qxf7 36.Qxe5+ Kh7 37.Rxf7+ Rxf7 38.Be2 Rhf8 39.a4 Rf5 40.Qd6 R8f7
41.a5 1/2-1/2

[Event "14th EUR-ch"]
[Site "Legnica POL"]
[Date "2013.05.08"]
[Round "4"]
[White "Vesterbaek Pedersen, Nicolai"]
[Black "Nikolaidis, Konstantinos"]
[Result "1-0"]
[WhiteElo "2406"]
[BlackElo "2238"]
[EventDate "2013.05.05"]
[PlyCount "61"]

1.d4 Nf6 2.c4 e6 3.Nc3 Bb4 4.Qc2 d5 5.a3 Bxc3+ 6.Qxc3 dxc4 7.Qxc4 h6 8.Bf4
c6 9.Nf3 O-O 10.g3 Qa5+ 11.Bd2 Qb6 12.Qc2 Nbd7 13.Bg2 e5 14.Bc3 exd4 15.
Bxd4 c5 16.Bc3 Nd5 17.Ng5 N7f6 18.Bxd5 hxg5 19.Qg6 g4 20.O-O-O Be6 21.Qg5 
Ne8 22.Be4 f6 23.Qg6 f5 24.Rd7 Rf7 25.Rxf7 Bxf7 26.Qxf5 Rd8 27.Qh7+ Kf8 
28.Qh8+ Ke7 29.Bc2 Qc6 30.e4 Qg6 31.Qh4+ 1-0

[Event "14th EUR-ch"]
[Site "Legnica POL"]
[Date "2013.05.08"]
[Round "4"]
[White "Bulmaga, Irina"]
[Black "Leiber, Bernard"]
[Result "1-0"]
[WhiteElo "2393"]
[BlackElo "2209"]
[EventDate "2013.05.05"]
[PlyCount "81"]

1.e4 d6 2.d4 Nf6 3.Bd3 e5 4.c3 Nc6 5.Nf3 Be7 6.O-O O-O 7.Nbd2 Bg4 8.h3 Bh5
9.d5 Nb8 10.c4 Nbd7 11.Re1 Nc5 12.Bc2 a5 13.Nf1 Bg6 14.Ng3 Nfd7 15.b3 c6 
16.Be3 cxd5 17.cxd5 b5 18.a3 b4 19.axb4 axb4 20.Qd2 Qb6 21.Qe2 Qb7 22.h4 
h6 23.h5 Bh7 24.Nd2 Rfc8 25.Nc4 Qc7 26.Bd2 Qb7 27.Na5 Qb6 28.Nc6 Bf6 29.
Nxb4 Bg5 30.Nc6 Kf8 31.Bxg5 hxg5 32.b4 Na6 33.Reb1 Nf6 34.Bd3 Nc7 35.b5 
Rxa1 36.Rxa1 Ra8 37.Rxa8+ Nxa8 38.Qa2 Nc7 39.Qa3 Nfe8 40.Nxe5 Qd4 41.Nc6 
1-0

[Event "14th EUR-ch"]
[Site "Legnica POL"]
[Date "2013.05.08"]
[Round "4"]
[White "Pappelis, Dimitrios"]
[Black "Kriebel, Tadeas"]
[Result "0-1"]
[WhiteElo "2055"]
[BlackElo "2388"]
[EventDate "2013.05.05"]
[PlyCount "60"]

1.e4 c5 2.Nc3 a6 3.Nge2 d6 4.g3 b5 5.Bg2 Bb7 6.d4 cxd4 7.Nxd4 e6 8.O-O Nf6
9.Re1 Qc7 10.Qe2 Be7 11.Nd5 exd5 12.exd5 Bc8 13.c4 Ra7 14.cxb5 O-O 15.Bf4 
Re8 16.Rac1 Qd7 17.Nc6 Bf8 18.Qd3 Rxe1+ 19.Rxe1 Ra8 20.b6 a5 21.Qc3 Bb7 
22.Bg5 Nxd5 23.Nxb8 Rxb8 24.Qxa5 Ra8 25.Qd2 Nxb6 26.Bxb7 Qxb7 27.b3 Nd5 
28.Rd1 Nb4 29.a4 Nc6 30.Qd3 Ra5 0-1

[Event "14th EUR-ch"]
[Site "Legnica POL"]
[Date "2013.05.08"]
[Round "4"]
[White "Ernst, Thomas"]
[Black "Guzewicz, Rafal"]
[Result "1-0"]
[WhiteElo "2387"]
[BlackElo "1942"]
[EventDate "2013.05.05"]
[PlyCount "73"]

1.d4 d5 2.c4 c6 3.Nf3 Nf6 4.Nc3 dxc4 5.a4 Na6 6.e4 Bg4 7.Bxc4 Bxf3 8.gxf3 
Nb4 9.Be3 e6 10.Qe2 Qa5 11.O-O O-O-O 12.Kh1 g6 13.Rad1 h6 14.Bf4 Rg8 15.d5
Nh5 16.Be3 exd5 17.exd5 Bd6 18.dxc6 bxc6 19.Bxf7 Rgf8 20.Qc4 Kb7 21.Rxd6 
Rxd6 22.Bc5 Rfd8 23.Qxb4+ Qxb4 24.Bxb4 Rd2 25.Bxg6 Nf4 26.Be4 Rxb2 27.Bc5 
Nd3 28.Be3 Rc2 29.Nb5 Rc4 30.Nxa7 Ne5 31.Rb1+ Ka8 32.Bf4 Nxf3 33.Bxf3 Kxa7
34.Bxh6 Rd6 35.Be3+ c5 36.Rb5 Rg6 37.Bxc5+ 1-0

[Event "14th EUR-ch"]
[Site "Legnica POL"]
[Date "2013.05.08"]
[Round "4"]
[White "Goluch, Piotr"]
[Black "Wagner, Dennis"]
[Result "0-1"]
[WhiteElo "2215"]
[BlackElo "2487"]
[EventDate "2013.05.05"]
[PlyCount "76"]

1.c4 g6 2.g3 Bg7 3.Bg2 c5 4.Nc3 Nc6 5.Nf3 e6 6.O-O Nge7 7.d3 b6 8.a3 Bb7 
9.Rb1 O-O 10.Bd2 d5 11.cxd5 Nxd5 12.Nxd5 Qxd5 13.Ng5 Qd7 14.Bc3 Nd4 15.
Bxb7 Qxb7 16.Bxd4 Bxd4 17.b4 cxb4 18.axb4 a6 19.e3 Bg7 20.Qb3 Rfd8 21.f4 
Qd7 22.d4 a5 23.bxa5 bxa5 24.Ne4 a4 25.Qa3 Qc6 26.Qd3 Rdb8 27.Rfc1 Rxb1 
28.Qxb1 Qa6 29.Nc5 Qa5 30.Qa2 Bf8 31.Kf2 a3 32.Rc2 Rc8 33.Qc4 h5 34.h4 Be7
35.e4 Rc6 36.Kg2 Rb6 37.Nd3 Kg7 38.Kf3 Rb1 0-1

[Event "14th EUR-ch"]
[Site "Legnica POL"]
[Date "2013.05.08"]
[Round "4"]
[White "Kantorik, Marian"]
[Black "Matsenko, Andrei"]
[Result "0-1"]
[WhiteElo "2363"]
[BlackElo "2212"]
[EventDate "2013.05.05"]
[PlyCount "58"]

1.d4 d5 2.Nf3 Nf6 3.c4 c6 4.e3 Bf5 5.Nc3 e6 6.Be2 Nbd7 7.Nh4 Bg6 8.Bd2 Bd6
9.Qb3 Rb8 10.Nxg6 hxg6 11.g3 Qe7 12.cxd5 exd5 13.Bf3 O-O 14.O-O Rfe8 15.
Bg2 Ne4 16.Rfd1 g5 17.a3 Nxc3 18.Bxc3 Qe6 19.Bb4 g4 20.Bxd6 Qxd6 21.Qd3 
Nf6 22.Qe2 Qe6 23.b4 Ne4 24.Bxe4 Qxe4 25.Rac1 Re6 26.b5 Rh6 27.Qd3 Qf3 28.
Rd2 Re8 29.bxc6 Rxh2 0-1

[Event "14th EUR-ch"]
[Site "Legnica POL"]
[Date "2013.05.08"]
[Round "4"]
[White "Deac, Bogdan-Daniel"]
[Black "Pavlidis, Anastasios"]
[Result "1/2-1/2"]
[WhiteElo "2183"]
[BlackElo "2360"]
[EventDate "2013.05.05"]
[PlyCount "82"]

1.d4 d5 2.c4 e6 3.Nc3 Nf6 4.Bg5 c6 5.e3 Nbd7 6.Nf3 Qa5 7.Nd2 dxc4 8.Bxf6 
Nxf6 9.Nxc4 Qc7 10.Be2 Be7 11.O-O O-O 12.Rc1 Bd7 13.e4 b5 14.Ne5 b4 15.Nb1
Nxe4 16.Bf3 f5 17.Bxe4 fxe4 18.Qg4 Bf6 19.Qxe4 Bxe5 20.dxe5 Qb6 21.Nd2 c5 
22.Qe3 Bb5 23.Rfe1 Rad8 24.Ne4 Bc6 25.Nd6 Bd5 26.Qxc5 Bxa2 27.Qxb6 axb6 
28.Re4 Ra8 29.Rxb4 Ra5 30.Re1 Bd5 31.Rxb6 Ra4 32.Rb5 Rg4 33.Rxd5 exd5 34.
e6 Rg6 35.f4 Rd8 36.e7 Rgxd6 37.exd8=Q+ Rxd8 38.b3 Rb8 39.Re3 Rb4 40.g3 
Kf7 41.Kf2 d4 1/2-1/2

[Event "14th EUR-ch"]
[Site "Legnica POL"]
[Date "2013.05.08"]
[Round "4"]
[White "Cherednichenko, Elena"]
[Black "Antal, Tibor Kende"]
[Result "1/2-1/2"]
[WhiteElo "2168"]
[BlackElo "2349"]
[EventDate "2013.05.05"]
[PlyCount "85"]

1.d4 d5 2.Nf3 Nf6 3.e3 c5 4.Nbd2 cxd4 5.exd4 Bf5 6.c3 Nc6 7.Be2 Qc7 8.O-O 
e6 9.Re1 Bd6 10.Nf1 O-O 11.Nh4 Bg6 12.Nxg6 hxg6 13.Bd3 e5 14.dxe5 Bxe5 15.
Be3 Rfd8 16.Rc1 Rd7 17.Qa4 a6 18.h3 Qd8 19.Bg5 d4 20.Be4 Ne7 21.Bxb7 Rxb7 
22.Rxe5 dxc3 23.bxc3 Qc7 24.Rce1 Ned5 25.Bxf6 Nxf6 26.c4 Rc8 27.c5 Qc6 28.
Qc4 Qb5 29.Nd2 Rbc7 30.Qxb5 axb5 31.Nb3 Kf8 32.Rc1 Nd7 33.Rd5 Nf6 34.Re5 
Nd7 35.Rd5 Nf6 36.Rd6 Ne4 37.Rb6 Nxc5 38.Rxb5 Nxb3 39.Rxc7 Rxc7 40.axb3 
Rc1+ 41.Kh2 Rc3 42.Rb7 g5 43.Rb5 1/2-1/2

[Event "14th EUR-ch"]
[Site "Legnica POL"]
[Date "2013.05.08"]
[Round "4"]
[White "Posedaru, Bogdan"]
[Black "Marjanovic, Dejan"]
[Result "0-1"]
[WhiteElo "2339"]
[BlackElo "2186"]
[EventDate "2013.05.05"]
[PlyCount "74"]

1.c4 e5 2.Nc3 Nc6 3.g3 f5 4.Bg2 g6 5.d3 Bg7 6.Nd5 Nce7 7.Nxe7 Qxe7 8.Nf3 
Nf6 9.O-O O-O 10.Bg5 h6 11.Bd2 d6 12.Bc3 g5 13.Qb3 Kh8 14.c5 Re8 15.cxd6 
cxd6 16.Nd2 Rb8 17.Bb4 b5 18.a4 Bb7 19.Bxb7 Rxb7 20.axb5 Qd7 21.Nc4 f4 22.
d4 Rxb5 23.dxe5 dxe5 24.Qa3 Reb8 25.Be7 Ne4 26.Qd3 Qb7 27.Rfd1 Nxf2 28.
Kxf2 Qxe7 29.Qd6 Qf7 30.Qc6 fxg3+ 31.Kxg3 Rb4 32.Rac1 Qf4+ 33.Kg2 Qg4+ 34.
Kh1 Rc8 35.Qxc8+ Qxc8 36.Nd6 Qg4 37.Rf1 Rf4 0-1

[Event "14th EUR-ch"]
[Site "Legnica POL"]
[Date "2013.05.08"]
[Round "4"]
[White "Krnic, Ivan"]
[Black "Vuilleumier, Alexandre"]
[Result "1/2-1/2"]
[WhiteElo "2166"]
[BlackElo "2319"]
[EventDate "2013.05.05"]
[PlyCount "107"]

1.e4 e6 2.f4 d5 3.e5 c5 4.Nf3 Nc6 5.c3 Nh6 6.Na3 Nf5 7.Nc2 Bd7 8.Ne3 Nxe3 
9.dxe3 f6 10.exf6 Qxf6 11.Bd3 e5 12.fxe5 Nxe5 13.O-O O-O-O 14.Nd4 Qb6 15.
Nf3 Bd6 16.Bf5 Bxf5 17.Nxe5 Bxe5 18.Rxf5 Qd6 19.h3 Rhf8 20.Qg4 Rxf5 21.
Qxf5+ Kb8 22.Bd2 Rf8 23.Qg4 Qf6 24.Qe2 h5 25.Be1 Bd6 26.Rd1 Qe5 27.g3 c4 
28.b4 Bc7 29.a4 g5 30.a5 g4 31.hxg4 hxg4 32.Rd4 b6 33.a6 b5 34.Rxg4 Qe6 
35.Bf2 Qxa6 36.Rg5 Qe6 37.Qd2 Be5 38.e4 Qf6 39.Rf5 Qe7 40.Rxf8+ Qxf8 41.
Qxd5 Qe8 42.Qc5 Bxc3 43.Qxa7+ Kc8 44.Qa6+ Kd8 45.Qd6+ Qd7 46.Qb8+ Ke7 47.
Bc5+ Ke6 48.Qg8+ Qf7 49.Qg4+ Ke5 50.Qg5+ Ke6 51.Qd5+ Kf6 52.Qxf7+ Kxf7 53.
Kf2 Ke6 54.Bf8 1/2-1/2

[Event "14th EUR-ch"]
[Site "Legnica POL"]
[Date "2013.05.08"]
[Round "4"]
[White "Rindlisbacher, Lars"]
[Black "Musialkiewicz, Pawel"]
[Result "1-0"]
[WhiteElo "2312"]
[BlackElo "2160"]
[EventDate "2013.05.05"]
[PlyCount "71"]

1.e4 e6 2.d4 d5 3.e5 c5 4.c3 Nc6 5.Nf3 Qb6 6.a3 Nh6 7.b4 cxd4 8.Bxh6 gxh6 
9.cxd4 Bd7 10.Be2 Bg7 11.O-O O-O 12.Nc3 f6 13.Na4 Qd8 14.b5 Ne7 15.Nc5 Bc8
16.exf6 Rxf6 17.Qd2 Ng6 18.Nd3 Rf5 19.a4 Qd6 20.Rae1 a6 21.Nde5 Nxe5 22.
Nxe5 Bxe5 23.dxe5 Qxe5 24.Bd3 Qf4 25.Qc2 Rf7 26.Re3 axb5 27.Rf3 Qe5 28.
Rxf7 Kxf7 29.Bxb5 Kg7 30.Rb1 Qd6 31.Rb3 Bd7 32.Qc3+ e5 33.Bxd7 Qxd7 34.
Qxe5+ Kg8 35.Rg3+ Kf8 36.Qh8+ 1-0

[Event "14th EUR-ch"]
[Site "Legnica POL"]
[Date "2013.05.08"]
[Round "4"]
[White "Ivic, Mateo"]
[Black "Xylogiannopoulos, Antonios"]
[Result "1-0"]
[WhiteElo "2278"]
[BlackElo "2147"]
[EventDate "2013.05.05"]
[PlyCount "77"]

1.e4 e5 2.Nf3 Nf6 3.d4 Nxe4 4.Bd3 d5 5.Nxe5 Nd7 6.O-O Nxe5 7.dxe5 Nc5 8.
Nc3 Nxd3 9.Qxd3 c6 10.Ne2 Bc5 11.Qg3 Kf8 12.Bg5 Qb6 13.Rab1 Qb4 14.Nf4 h6 
15.Nd3 Qg4 16.Qxg4 Bxg4 17.Nxc5 b6 18.Be3 bxc5 19.Bxc5+ Ke8 20.c3 Kd7 21.
f3 Bf5 22.Rbd1 Rhb8 23.b3 a5 24.Kf2 a4 25.b4 a3 26.g4 Be6 27.Kg3 h5 28.h3 
hxg4 29.hxg4 f5 30.exf6 gxf6 31.Bd4 Rf8 32.Rh1 Rf7 33.Rh6 f5 34.g5 Rg8 35.
Kf4 Rff8 36.Re1 Re8 37.Rh7+ Re7 38.Reh1 Bf7 39.Bc5 1-0

[Event "14th EUR-ch"]
[Site "Legnica POL"]
[Date "2013.05.08"]
[Round "4"]
[White "Duman, Aydin"]
[Black "Henseler, Jorgen"]
[Result "1/2-1/2"]
[WhiteElo "2265"]
[BlackElo "2093"]
[EventDate "2013.05.05"]
[PlyCount "77"]

1.e4 c5 2.Nf3 Nc6 3.Bb5 g6 4.O-O Bg7 5.c3 Nf6 6.Qa4 O-O 7.d4 cxd4 8.cxd4 
Nxe4 9.d5 Nc5 10.Qa3 Qb6 11.Nc3 Nd4 12.Nxd4 Bxd4 13.Bh6 d6 14.Bxf8 Kxf8 
15.Rad1 Be5 16.b4 Nd7 17.Be2 a5 18.Rb1 Qd4 19.Nb5 Bxh2+ 20.Kxh2 Qe5+ 21.
Kg1 Qxe2 22.Nc7 Ra7 23.Rfe1 Qd2 24.Rbd1 Qg5 25.Ne6+ fxe6 26.Qc3 Ne5 27.f4 
Nf3+ 28.Kf2 Qxf4 29.Qh8+ Kf7 30.Qxh7+ Kf6 31.gxf3 axb4 32.Qh8+ Kf7 33.Qh7+
Kf6 34.Qh8+ Kf7 35.Re2 Ra3 36.Qh7+ Kf6 37.Qh8+ Kf7 38.Qh7+ Kf6 39.Qh8+ 
1/2-1/2

[Event "14th EUR-ch"]
[Site "Legnica POL"]
[Date "2013.05.08"]
[Round "4"]
[White "Tate, Alan"]
[Black "Chubar, Vladimir"]
[Result "1-0"]
[WhiteElo "2264"]
[BlackElo "2053"]
[EventDate "2013.05.05"]
[PlyCount "45"]

1.e4 e6 2.d4 d5 3.Nd2 dxe4 4.Nxe4 Nd7 5.Nf3 Be7 6.Bd3 Ngf6 7.Qe2 c5 8.Nxc5
Nxc5 9.dxc5 Qa5+ 10.c3 Qxc5 11.Be3 Qc7 12.O-O Bd7 13.Bd4 O-O 14.Rad1 Rfd8 
15.Rfe1 Be8 16.Ng5 Bd6 17.Bxf6 gxf6 18.Nxh7 Bxh2+ 19.Kh1 Qf4 20.Qh5 f5 21.
Ng5 Qxf2 22.Rxe6 fxe6 23.Qh7+ 1-0

[Event "14th EUR-ch"]
[Site "Legnica POL"]
[Date "2013.05.08"]
[Round "4"]
[White "Tomczak, Mikolaj"]
[Black "Papasimakopoulos, Alexandros"]
[Result "1/2-1/2"]
[WhiteElo "2002"]
[BlackElo "2242"]
[EventDate "2013.05.05"]
[PlyCount "140"]

1.e4 e5 2.Nf3 Nc6 3.Bb5 Nge7 4.O-O a6 5.Ba4 g6 6.c3 Bg7 7.d4 b5 8.Bb3 d6 
9.a4 bxa4 10.Bxa4 exd4 11.cxd4 O-O 12.Bg5 f6 13.Be3 Bd7 14.Nc3 Kh8 15.d5 
Ne5 16.Nxe5 dxe5 17.Qe2 a5 18.Bc5 Re8 19.Rfd1 Bf8 20.Qf3 Ng8 21.Qe3 Bd6 
22.Nb5 Qe7 23.Rdc1 Bxb5 24.Bxb5 Reb8 25.Bc6 Ra6 26.b4 Rxb4 27.Bxb4 Bxb4 
28.Qd3 Rb6 29.Ba4 Nh6 30.Qh3 Kg7 31.Qc8 Bc5 32.Kh1 Rb4 33.f3 Nf7 34.Qe6 
Qf8 35.Qd7 Bb6 36.Bc6 Qd6 37.Qxd6 Nxd6 38.Rab1 Rd4 39.Rc2 f5 40.exf5 gxf5 
41.g3 Kf6 42.Kg2 Nc4 43.Re2 Ne3+ 44.Kh3 Rd3 45.Bb7 f4 46.Rc1 a4 47.Rc6+ 
Ke7 48.Re6+ Kf8 49.Rxe5 a3 50.Re4 fxg3 51.hxg3 Bc5 52.Ra4 Nd1 53.Rf4+ Kg7 
54.Rg4+ Kf7 55.Rf4+ Kg7 56.Ba6 Rc3 57.Rc4 Bd6 58.f4 Rb3 59.Rc1 Nc3 60.Ree1
a2 61.Ra1 Nxd5 62.Rxa2 Nxf4+ 63.Kh2 Nh5 64.Rg1 Bxg3+ 65.Kh1 Kf6 66.Be2 Nf4
67.Rf1 Kg5 68.Rf3 Rb1+ 69.Rf1 Rb3 70.Rf3 Rb1+ 1/2-1/2

[Event "14th EUR-ch"]
[Site "Legnica POL"]
[Date "2013.05.08"]
[Round "4"]
[White "Ekstroem, Roland"]
[Black "Szostko, Jakub"]
[Result "1/2-1/2"]
[WhiteElo "2461"]
[BlackElo "1850"]
[EventDate "2013.05.05"]
[PlyCount "100"]

1.d4 d5 2.Nf3 Nf6 3.c4 e6 4.Bg5 Bb4+ 5.Nbd2 O-O 6.e3 h6 7.Bh4 Nbd7 8.Bd3 
dxc4 9.Bxc4 b6 10.O-O Bb7 11.Qa4 Be7 12.Rfd1 Ne4 13.Bxe7 Qxe7 14.Bb5 Nxd2 
15.Rxd2 Nf6 16.Bc6 Bxc6 17.Qxc6 Qd6 18.Rc1 Qxc6 19.Rxc6 Rfc8 20.Rdc2 Ne8 
21.Kf1 Kf8 22.Ne5 Ke7 23.Ke2 Rd8 24.h4 Rd6 25.R6c3 f6 26.Ng6+ Kd7 27.h5 c6
28.Nf4 Nc7 29.a3 Rc8 30.g4 Nd5 31.Nxd5 Rxd5 32.f4 Kd6 33.b4 a5 34.bxa5 
Rxa5 35.Rb3 b5 36.Rbc3 Ra6 37.Kf3 Rca8 38.Ke4 Re8 39.Rc5 Re7 40.R2c3 Re8 
41.f5 e5 42.d5 Ra4+ 43.Kf3 Rc4 44.R3xc4 bxc4 45.Rxc6+ Kxd5 46.Rc7 Ra8 47.
Rd7+ Kc5 48.Rc7+ Kd5 49.Rd7+ Kc5 50.Rc7+ Kd5 1/2-1/2

[Event "14th EUR-ch"]
[Site "Legnica POL"]
[Date "2013.05.08"]
[Round "4"]
[White "Zemlicka, Vit"]
[Black "Szwed, Jacek"]
[Result "0-1"]
[WhiteElo "2049"]
[BlackElo "2354"]
[EventDate "2013.05.05"]
[PlyCount "42"]

1.e4 c5 2.Nf3 a6 3.c4 e6 4.Nc3 Qc7 5.d4 cxd4 6.Nxd4 Nf6 7.Bd3 Nc6 8.Nxc6 
dxc6 9.O-O e5 10.Qe2 Be6 11.f3 h5 12.Be3 h4 13.Qf2 Qd8 14.Rfd1 Nh5 15.Ne2 
g5 16.Bc5 Qf6 17.Rd2 Bxc5 18.Qxc5 h3 19.g3 Qxf3 20.Nc3 Nxg3 21.Rf2 Qh1# 
0-1

[Event "14th EUR-ch"]
[Site "Legnica POL"]
[Date "2013.05.08"]
[Round "4"]
[White "Buchal, Stephan"]
[Black "Pavlicek, Miroslav"]
[Result "1-0"]
[WhiteElo "2315"]
[BlackElo "2014"]
[EventDate "2013.05.05"]
[PlyCount "99"]

1.c4 e5 2.g3 Nf6 3.Bg2 d5 4.cxd5 Nxd5 5.Nc3 Nb6 6.Nf3 Nc6 7.O-O Be7 8.a3 
g5 9.d4 exd4 10.Nb5 Bf6 11.e3 d3 12.Nbd4 Ne7 13.b4 O-O 14.Qxd3 Bf5 15.Qb3 
Be4 16.Bb2 Qd5 17.Qxd5 Nexd5 18.Rac1 c6 19.Nd2 Bxg2 20.Kxg2 Rfe8 21.Ba1 
Rad8 22.N2b3 Nc8 23.Rfe1 Nd6 24.Nc5 Bxd4 25.Bxd4 b5 26.e4 Ne7 27.Bf6 h6 
28.Rcd1 Kh7 29.Rd4 Ndc8 30.Red1 Rxd4 31.Rxd4 Kg6 32.Bxe7 Rxe7 33.Rd8 Nb6 
34.Rd6+ f6 35.Rxc6 Nc4 36.Ra6 Kf7 37.f3 Rc7 38.Kf2 Ne5 39.Ra5 Nc4 40.Ra6 
Ne5 41.h3 Nc6 42.Ke3 Ke7 43.f4 Kd6 44.Nb3 Ke7 45.Nd4 Nb8 46.Re6+ Kf7 47.
Nxb5 Rc1 48.f5 Nd7 49.Nd6+ Kf8 50.Re8+ 1-0

[Event "14th EUR-ch"]
[Site "Legnica POL"]
[Date "2013.05.08"]
[Round "4"]
[White "Gaehwiler, Gabriel"]
[Black "Wolff, Peter"]
[Result "1-0"]
[WhiteElo "2288"]
[BlackElo "1962"]
[EventDate "2013.05.05"]
[PlyCount "53"]

1.e4 c6 2.d4 d5 3.Nc3 dxe4 4.Nxe4 Bf5 5.Ng3 Bg6 6.Bc4 e6 7.N1e2 Nf6 8.O-O 
Nbd7 9.f4 Nb6 10.Bd3 Bxd3 11.Qxd3 g6 12.f5 exf5 13.Nxf5 gxf5 14.Qxf5 Bg7 
15.Bg5 Nbd7 16.Ng3 O-O 17.Nh5 Re8 18.Nxg7 Kxg7 19.Bxf6+ Qxf6 20.Qxd7 Qg6 
21.Rf2 Rad8 22.Qxb7 Rb8 23.Qxa7 Rxb2 24.Raf1 Rf8 25.Rf3 Qxc2 26.Rg3+ Kh8 
27.Qe7 1-0

[Event "14th EUR-ch"]
[Site "Legnica POL"]
[Date "2013.05.08"]
[Round "4"]
[White "Skytte, Torill"]
[Black "Curic, Drazen"]
[Result "0-1"]
[WhiteElo "1922"]
[BlackElo "2258"]
[EventDate "2013.05.05"]
[PlyCount "100"]

1.d4 Nf6 2.Nf3 g6 3.c4 Bg7 4.Nc3 O-O 5.Bf4 d6 6.e3 Nfd7 7.h3 c6 8.Be2 h6 
9.O-O e5 10.Bh2 f5 11.b4 g5 12.dxe5 dxe5 13.Qb3 Qe7 14.Rad1 h5 15.c5+ Kh8 
16.Rd6 g4 17.hxg4 hxg4 18.Nd2 Nf6 19.Nc4 Ne8 20.Rd2 Nd7 21.f3 g3 22.Bxg3 
f4 23.exf4 exf4 24.Bf2 Ndf6 25.Bd3 Nh5 26.Re1 Qf6 27.Ne4 Qh6 28.Kf1 Be6 
29.Ke2 Nef6 30.Kd1 Nxe4 31.Bxe4 Nf6 32.Qc2 Nxe4 33.Rxe4 Bf5 34.Nd6 Bh7 35.
Qc4 Qh1+ 36.Be1 Bxe4 37.Qxe4 a5 38.Qe6 Qh5 39.Re2 axb4 40.Qe7 Qd5+ 41.Rd2 
Qh5 42.Re2 b3 43.g4 fxg3 44.Bxg3 Rxa2 45.Be5 Qh1+ 46.Re1 Qxf3+ 47.Kc1 b2+ 
48.Kb1 Ra1+ 49.Kxb2 Qa3+ 50.Kc2 Rf2+ 0-1

[Event "14th EUR-ch"]
[Site "Legnica POL"]
[Date "2013.05.08"]
[Round "4"]
[White "Zahariev, Ognyan"]
[Black "Svana, Peter"]
[Result "0-1"]
[WhiteElo "1913"]
[BlackElo "2255"]
[EventDate "2013.05.05"]
[PlyCount "93"]

1.e4 c5 2.Nf3 d6 3.d4 cxd4 4.Nxd4 Nf6 5.Nc3 Nc6 6.f3 Bd7 7.Be3 a6 8.g4 e6 
9.h4 h6 10.Qd2 b5 11.O-O-O b4 12.Nce2 Ne5 13.Ng3 Qa5 14.Kb1 d5 15.g5 hxg5 
16.hxg5 Rxh1 17.Nxh1 Ng8 18.Qh2 Nc4 19.Bc1 Ne7 20.f4 Qc7 21.exd5 Nxd5 22.
Bxc4 Qxc4 23.Ng3 O-O-O 24.Nge2 g6 25.Nf3 Ba4 26.b3 Qxe2 27.Rxd5 Qxf3 28.
Rxd8+ Kxd8 29.bxa4 Qc3 30.Qd2+ Kc7 31.a3 Bg7 32.Qxc3+ bxc3 33.Ka2 Kc6 34.
Kb3 Bd4 35.Kc4 e5 36.fxe5 Bxe5 37.Be3 f5 38.gxf6 Bxf6 39.Kb4 g5 40.Ka5 Kb7
41.Kb4 g4 42.Kc4 Kc6 43.Bf4 Bg7 44.Bg3 Bf8 45.Be1 Bd6 46.Kxc3 Bh2 47.Kd4 
0-1

[Event "14th EUR-ch"]
[Site "Legnica POL"]
[Date "2013.05.08"]
[Round "4"]
[White "Korcz, Daniel"]
[Black "Machan, Jan"]
[Result "0-1"]
[WhiteElo "1855"]
[BlackElo "2173"]
[EventDate "2013.05.05"]
[PlyCount "70"]

1.e4 e6 2.d4 d5 3.Nc3 Bb4 4.e5 c5 5.f4 Qa5 6.Bd2 Bd7 7.a3 Bxc3 8.Bxc3 Qb6 
9.dxc5 Qxc5 10.Bd4 Qc7 11.Nf3 Nc6 12.Bc3 Nge7 13.Bd3 Qb6 14.Qd2 d4 15.Bb4 
Nd5 16.c3 dxc3 17.bxc3 Ncxb4 18.cxb4 Rc8 19.Be4 Nc3 20.Bd3 O-O 21.Qf2 
Qxf2+ 22.Kxf2 Nd5 23.g3 Rc3 24.Rhd1 Ba4 25.Rd2 Rfc8 26.Ng5 Bc2 27.Bxc2 
Rxc2 28.Ra2 Rxd2+ 29.Rxd2 Rc3 30.Ra2 b6 31.Ne4 Rc1 32.Ke2 Rc4 33.Kd3 Rxe4 
34.Rc2 Re3+ 35.Kd4 h5 0-1

[Event "14th EUR-ch"]
[Site "Legnica POL"]
[Date "2013.05.08"]
[Round "4"]
[White "Wenzel, Birger"]
[Black "D`Aste, Federico"]
[Result "1-0"]
[WhiteElo "2110"]
[BlackElo "1501"]
[EventDate "2013.05.05"]
[PlyCount "45"]

1.Nf3 Nf6 2.c4 g6 3.d4 Bg7 4.g3 O-O 5.Bg2 c5 6.Nc3 d5 7.cxd5 Nxd5 8.O-O 
Nxc3 9.bxc3 cxd4 10.cxd4 Nc6 11.e3 Bf5 12.Qe2 Nb4 13.Ne1 Rb8 14.a3 Nc6 15.
Bb2 Qb6 16.Nf3 Be4 17.Bc3 Qb3 18.Rfc1 Rfc8 19.Nd2 Bd3 20.Qxd3 Ne5 21.dxe5 
Rd8 22.Qxd8+ Rxd8 23.Nxb3 1-0

[Event "14th EUR-ch"]
[Site "Legnica POL"]
[Date "2013.05.09"]
[Round "5"]
[White "Almasi, Zoltan"]
[Black "Moiseenko, Olexandr"]
[Result "1/2-1/2"]
[WhiteElo "2695"]
[BlackElo "2698"]
[EventDate "2013.05.05"]
[PlyCount "130"]

1.e4 c5 2.Nf3 Nc6 3.Bb5 e6 4.O-O Nge7 5.Re1 Nd4 6.Nxd4 cxd4 7.d3 Ng6 8.Qh5
e5 9.Bc4 Be7 10.c3 dxc3 11.Nxc3 O-O 12.Be3 d6 13.d4 Kh8 14.Nd5 f5 15.exf5 
Bxf5 16.dxe5 Nxe5 17.Nxe7 Qxe7 18.Bd4 Bg6 19.Qe2 Qh4 20.Bxe5 dxe5 21.Rad1 
Rae8 22.Bd5 b6 23.f3 h6 24.Be4 Bxe4 25.Qxe4 Qg5 26.Rd5 Rf5 27.Rd7 a5 28.
Rd6 Rf6 29.Rxf6 Qxf6 30.h3 g5 31.Rc1 Kg7 32.a4 Re7 33.Rc6 Re6 34.Rc8 Re7 
35.Qd5 Qe6 36.Qd8 e4 37.fxe4 Rd7 38.Qh8+ Kg6 39.Re8 Qf7 40.Rf8 Rd1+ 41.Kh2
Qe6 42.e5 Kh5 43.Qf6 Qxf6 44.Rxf6 g4 45.Rxb6 gxh3 46.Kxh3 Rd2 47.b4 axb4 
48.Rxb4 Rd3+ 49.g3 Re3 50.Rb5 Re4 51.a5 Kg5 52.a6 Ra4 53.e6+ Kf6 54.Re5 
Ke7 55.Rh5 Kxe6 56.Rh4 Ra1 57.Rxh6+ Kf5 58.Kg2 Ra3 59.Kf2 Kg4 60.Rd6 Kf5 
61.Rb6 Kg4 62.Rd6 Kf5 63.Rc6 Kg4 64.Rf6 Kg5 65.Rd6 Kf5 1/2-1/2

[Event "14th EUR-ch"]
[Site "Legnica POL"]
[Date "2013.05.09"]
[Round "5"]
[White "Romanov, Evgeny"]
[Black "Alexeev, Evgeny"]
[Result "1/2-1/2"]
[WhiteElo "2640"]
[BlackElo "2700"]
[EventDate "2013.05.05"]
[PlyCount "107"]

1.d4 Nf6 2.c4 e6 3.g3 c5 4.d5 exd5 5.cxd5 d6 6.Nc3 g6 7.Nf3 Bg7 8.Bg2 O-O 
9.O-O Nbd7 10.h3 Re8 11.a4 Ne4 12.Nxe4 Rxe4 13.Nd2 Re8 14.Ne4 Ne5 15.Bg5 
f6 16.Bd2 Bf5 17.Nc3 Nc4 18.Bc1 Qa5 19.Ra2 Re7 20.e4 Bd7 21.f4 Kh8 22.Ne2 
Qb6 23.g4 f5 24.Ng3 fxe4 25.Nxe4 Rae8 26.Qc2 Na5 27.Ra3 Qb4 28.Nxd6 Re2 
29.Qd1 Re1 30.Qd2 Bd4+ 31.Kh2 R8e2 32.Qxb4 cxb4 33.Raf3 Rxf1 34.Rxf1 Kg8 
35.Ne4 Nb3 36.f5 gxf5 37.Bh6 Nc5 38.Nxc5 Bxc5 39.gxf5 Rxb2 40.f6 Kf7 41.
Kg3 Rc2 42.Bf3 Bd6+ 43.Kh4 Rc4+ 44.Kg5 Bf4+ 45.Kh5 Bxh3 46.Rf2 Bg3 47.Re2 
Kxf6 48.Bg5+ Kf5 49.Re7 a5 50.Rf7+ Ke5 51.Bf6+ Kd6 52.Be7+ Ke5 53.Bf6+ Kd6
54.Be7+ 1/2-1/2

[Event "14th EUR-ch"]
[Site "Legnica POL"]
[Date "2013.05.09"]
[Round "5"]
[White "Khairullin, Ildar"]
[Black "Tkachiev, Vladislav"]
[Result "1/2-1/2"]
[WhiteElo "2657"]
[BlackElo "2632"]
[EventDate "2013.05.05"]
[PlyCount "65"]

1.d4 Nf6 2.c4 e6 3.Nf3 b6 4.Nc3 Bb7 5.a3 d5 6.Bg5 Be7 7.Qa4+ Qd7 8.Qc2 O-O
9.e3 h6 10.Bf4 Rc8 11.Rd1 c5 12.dxc5 Rxc5 13.cxd5 exd5 14.Bd3 Qe8 15.Qe2 
a6 16.O-O Nbd7 17.Ne5 Nf8 18.Bc2 b5 19.Bb3 Ne6 20.Nd3 Nxf4 21.Nxf4 Rd8 22.
Qf3 d4 23.Qxb7 dxc3 24.Rxd8 Qxd8 25.bxc3 Rxc3 26.Rd1 Qc7 27.Qxc7 Rxc7 28.
a4 Rc3 29.Rd3 Rc1+ 30.Rd1 Rc3 31.Rd3 Rc1+ 32.Rd1 Rc3 33.Rd3 1/2-1/2